50 Marvel Villains by Picture #6 - Statistics

General Stats
  • This quiz has been taken 60 times
  • The average score is 18 of 50
Answer Stats
Picture Answer % Correct
Spot (Johnathon Ohnn)
86%
Onslaught
65%
Jack O'Lantern (Steven Levins)
63%
Stilt-Man (Wilbur Day)
60%
Grizzly (Maxwell Markham)
56%
Kangaroo (Brian Hibbs)
56%
Mimic (Calvin Rankin)
56%
Armadillo (Antonio Rodriguez)
51%
Hobgoblin (Phil Urich)
51%
Lady Bullseye
51%
Typhoid Mary (Mary Walker)
51%
Vermin (Edward Whelan)
51%
Deathbird (Cal'syee Neramani)
49%
Doppelganger
49%
Kurse (Algrim)
49%
Ymir
49%
Rocket Racer (Robert Farrell)
44%
Scientist Supreme (various)
44%
Blastaar
42%
Vapor (Ann Darnell)
42%
Danger
40%
Puma (Thomas Fireheart)
40%
Carrion (Malcolm McBride)
37%
Gibbon (Martin Blank)
37%
Human Fly (Richard Deacon
37%
X-Ray (James Darnell)
37%
Cardiac (Elias Wirtham)
35%
Ironclad (Michael Steel)
35%
Trickshot (Barney Barton)
35%
Crime-Master (Nick Lewis, Sr.)
30%
Cyber (Silas Burr)
30%
Mesmero (Vincent)
30%
Vector (Simon Utrecht)
30%
Looter (Norton Fester)
28%
Screaming Mimi (Melissa Gold)
26%
Krakoa
23%
Omega Sentinel (Karima Shapandar)
23%
Talos the Untamed
23%
Man-Mountain Marko (Michael Marko)
21%
Man-Beast
19%
Spymaster (Ted Calloway)
19%
Nightshade (Tilda Johnson)
16%
Ultimo
16%
Superia (Deidre Wentworth)
14%
Druig
9%
Master of the World (Eshu)
9%
Monarch (Jamie Braddock)
9%
Vanguard (Nikolai Krylenko)
9%
Deacon Frost
7%
Scourge of the Underworld (various)
7%
No matching quizzes found
Score Distribution
Percent of People with Each Score
Percentile by Number Answered
Your Score History
You have not taken this quiz